01226nam a2200181 a 450000100100000000500170001000800410002704000250006810000530009324505610014626000500070730000180075750000270077504900090080295201080081195201080091999900170102700003376320200930070512.0110908s1750 es 000 0 spa d aDO-SdBNPbspacBNPHU1 aCastillo de Bobadilla, Jerónimo,d1547-95918310aPolítica para corregidores y señores de vassallos, en tiempo de paz, y de guerra y para juezes eclesiasticos y seglares, y de sacas, aduanas, y de residencias y sus oficiales : y sus regidores, y abogados, y del valor de los corregimintos, y gobiernos realengos, y de las ordenes /cautor el Licenciado Castillo de Bovadilla. ..Está añadida y enmendada por el autor y los índices mejorados y en esta ultima impressión diligentemente corregida de muchas faltas que avian en las otras impresiones y expurgada segun el expurgatorio del año 1640. aEmberes :bEn casa de I. B. Verdussen,c1750. a2 v. ;c38 p. aTextos en dos columnas aBNPD 001050718RVaGRbGRcCTd2011-09-08iLF1l0ov. 1p33763-10r2020-06-25w2020-06-25y1ZNo se presta 001050718RVaGRbGRcCTd2011-11-18iLF1l0ov. 2p33763-20r2020-06-25w2020-06-25y1ZNo se presta c33254d33254